Ecotourism. / (Record no. 888)

MARC details
000 -LEADER
fixed length control field 01369cam a22003014a 4500
001 - CONTROL NUMBER
control field 12394085
003 - CONTROL NUMBER IDENTIFIER
control field OSt
005 - DATE AND TIME OF LATEST TRANSACTION
control field 20210414113939.0
008 - FIXED-LENGTH DATA ELEMENTS--GENERAL INFORMATION
fixed length control field 010427s2002 enkab b 001 0 eng
010 ## - LIBRARY OF CONGRESS CONTROL NUMBER
LC control number 2001032890
020 ## - INTERNATIONAL STANDARD BOOK NUMBER
International Standard Book Number 058235658X (pbk.)
040 ## - CATALOGING SOURCE
Original cataloging agency DLC
Transcribing agency DLC
Modifying agency DLC
042 ## - AUTHENTICATION CODE
Authentication code pcc
050 00 - LIBRARY OF CONGRESS CALL NUMBER
Classification number G156.5.E26P35
082 00 - DEWEY DECIMAL CLASSIFICATION NUMBER
Classification number 338.4/791
Edition number 21
100 1# - MAIN ENTRY--PERSONAL NAME
Personal name Page, Stephen,
Dates associated with a name 1963-
245 10 - TITLE STATEMENT
Title Ecotourism. /
Statement of responsibility, etc. Stephen J. Page and Ross K. Dowling.
260 ## - PUBLICATION, DISTRIBUTION, ETC.
Place of publication, distribution, etc. Harlow, England ;
-- New York :
Name of publisher, distributor, etc. Prentice Hall,
Date of publication, distribution, etc. c2002.
300 ## - PHYSICAL DESCRIPTION
Extent xvi, 338 p. :
Other physical details ill., maps ;
Dimensions 24 cm.
440 #0 - SERIES STATEMENT/ADDED ENTRY--TITLE
Title Themes in tourism
504 ## - BIBLIOGRAPHY, ETC. NOTE
Bibliography, etc. note Includes bibliographical references (p. 287-328).
505 ## - FORMATTED CONTENTS NOTE
Formatted contents note Contents: Introduction: from the environment-tourism nexus to ecotourism -- Tourism and the environment -- Ecotourism: concepts, definitions and issues -- Ecotourist: consumers of nature and the environment -- The Ecotourism industry -- The Impact of ecotourism -- Managing ecotourism: principles to practice -- Marketing for ecotourism -- Future issues and prospects for ecotourism.
650 #0 - SUBJECT ADDED ENTRY--TOPICAL TERM
Topical term or geographic name entry element Ecotourism.
700 1# - ADDED ENTRY--PERSONAL NAME
Personal name Dowling, Ross Kingston.
906 ## - LOCAL DATA ELEMENT F, LDF (RLIN)
a 7
b cbc
c orignew
d 1
e ocip
f 20
g y-gencatlg
942 ## - ADDED ENTRY ELEMENTS (KOHA)
Source of classification or shelving scheme Library of Congress Classification
Koha item type Books
Holdings
Withdrawn status Lost status Source of classification or shelving scheme Damaged status Not for loan Home library Current library Shelving location Date acquired Total Checkouts Full call number Barcode Date last seen Copy number Price effective from Koha item type
    Library of Congress Classification     WISCONSIN INTERNATIONAL UNIVERSITY COLLEGE, GHANA - MAIN LIBRARY WISCONSIN INTERNATIONAL UNIVERSITY COLLEGE, GHANA - MAIN LIBRARY Reference 16/05/2012   G156.5.E26P35 1869/12 16/05/2012 1 16/05/2012 Books

If you have any concerns or questions; kindly contact the library


© Powered by WIUC ICT DIRECTORATE